| 000 | 00491nam a2200193Ia 4500 | ||
|---|---|---|---|
| 999 |
_c959 _d959 |
||
| 003 | 0100 | ||
| 008 | 130227s9999 xx 000 0 und d | ||
| 040 | _cARRUPELIB | ||
| 050 | _aDT12.R54 1945 | ||
| 100 |
_aRobeson, Eslanda Goode _923338 |
||
| 245 | _aAfrican journey | ||
| 260 |
_aNew York _bThe John Day _c1945 |
||
| 300 | _a154p. | ||
| 300 | _b 22cm. | ||
| 650 |
_aIndigenous people _xAfrica _94510 |
||
| 650 |
_aAfrica _xDescription and travel _931042 |
||
| 942 |
_2lcc _cMONOGRAPH |
||